000 00680nam a2200229 a 4500
001 13420
003 BD-JhCC
005 20230923120734.0
008 230917b2015 bg |||| ||a| 000 0 b d
020 _a9789849129066
035 _a(BD-JhCC)13420
040 _aBD-JhCC
_dBD-JhCC
041 _abengali
082 _bCHO 2015
245 _aছোটদের টিপু সুলতান /
_cসম্পা: রাব্বি উস সানি।
260 _aঢাকা:
_bসবুজপাতা;
_c2015.
300 _a95 p. :
_c20 cm.
651 _aBengali short stories
700 _aসানি,রাব্বি উস
942 _2ddc
_cBK
999 _c13420
_d13420